000 01836cam a22004814i 4500
003 PE-LiUPU
005 20250731172704.0
008 150616s r 000 0 d
020 _a0802417027
035 _a(Sirsi) i9780802417022
040 _aPE-LiUPU
_bspa
_cPE-LiUPU
_erda
049 _aPRUA
082 0 4 _a268
_bCH81
_221
100 1 _aChoun, Roberth J.,
_eautor.
245 1 0 _aDirecting christian education :
_bthe changing role of the christian education specialist /
_cRoberth J. Choun.
264 1 _aChicago :
_bMoody press,
_c1992.
300 _a308 páginas ;
_c23 centímetros.
336 _atext
_2rdacontent
337 _aunmediated
_2rdamedia
338 _avolume
_2rdacarrier
504 _aIncluye bibliografía.
505 0 _aA biblical and philosophical perspective -- An ever-expanding role -- Relationships with church staff -- Relationships with volunteer leaders -- Recruiting the teaching staff -- Training christian leaders and teachers -- Relationships with the church and the community -- The female christian education specialist -- A future look.
526 _aSEG42
526 _aSEG41
526 _aSEG40
526 _aSEG39
526 _aP94
526 _aP87
526 _aP86
526 _aP85
526 _aP77
526 _aP76
526 _aP35
650 0 4 _aEducación cristiana.
700 1 _aMichael S. Lawson.
910 _ajck
_bjvq
_cjck
942 _2ddc
_cBOOK
949 _a268 CH81
_wDEWEY
_c1
_i43675
_lCCODEBUL1
_mBUL
_r0
_sY
_tBOOK
_u2015-6-16
_xTEOLOGIA
_PP35
_0COMPRA
_o.STAFF. Colección General
994 _aC0
_bPEPRU
596 _a1
999 _a268 CH81
_wDEWEY
_c143
_i43675
_f2021-11-10
_g5
_lCCODEBUL1
_mBUL
_r0
_sY
_tBOOK
_u2015-6-16
_xTEOLOGIA
_PP35
_0COMPRA
_o.STAFF. Colección General
_d143
980 _81
_gALBERTO SANCHEZ Responsable de Automatización